000
00421nam a2200157Ia 4500
008
100204s9999 xx 000 0 und d
082
_b
29262
100
_a
मुजावर बशीर सा.
245
_a
नो मॅन्स लँड
250
_a
0
260
_c
2009
300
_a
175
630
_a
नो मॅन्स लँड
730
_a
नो मॅन्स लँड
942
_c
BOOK
999
_c
474517
_d
474514